[Event "SVK-chT1E 2122"]
[Site "Slovakia"]
[Date "2022.03.20"]
[Round "7.7"]
[White "Fecko, Juraj"]
[Black "Furman, Maximilian Jan"]
[Result "1-0"]
[WhiteElo "1718"]
[BlackElo "1800"]
[PlyCount "113"]
[EventDate "2022.01.29"]
[EventType "team-tourn"]
[EventRounds "11"]
[EventCountry "SVK"]
[SourceTitle "EXT 2023"]
[Source "ChessBase"]
[SourceDate "2022.10.05"]
[SourceVersion "1"]
[SourceVersionDate "2022.10.05"]
[SourceQuality "1"]
[WhiteTeam "Michalovce Zemplin"]
[BlackTeam "Bardejov"]
[WhiteTeamCountry "SVK"]
[BlackTeamCountry "SVK"]

1. e4 e5 2. Nf3 Nc6 3. Bb5 f5 4. Bxc6 bxc6 5. Nxe5 Qf6 6. d4 fxe4 7. 0-0 Bd6 8. f4 Ne7 9. Nc3 0-0 10. Nxe4 Qe6 11. Qh5 Qd5 12. Qe2 Qxd4+ 13. Nf2 Nd5 14. g3 Bxe5 15. Qxe5 Qc5 16. c3 Ba6 17. Rd1 Rae8 18. Qd4 Qxd4 19. cxd4 Re2 20. Bd2 Rb8 21. b3 Kf7 22. Ng4 d6 23. Rac1 Bb7 24. Nf2 Rbe8 25. a3 Ne3 26. Bxe3 R8xe3 27. Nd3 c5 28. Ne1 Rxb3 29. Rb1 Ree3 30. dxc5 dxc5 31. Rxb3 Rxb3 32. Rd7+ Kf6 33. Rxc7 Be4 34. Rxc5 Rxa3 35. Rc4 Bf5 36. Rc6+ Kf7 37. Rc5 Ke6 38. Re5+ Kf6 39. Rc5 a5 40. Rc6+ Ke7 41. Rc7+ Kf6 42. Rc6+ Kf7 43. Rc7+ Kg6 44. Rc6+ Kh5 45. Rc5 g6 46. Kg2 Kh6 47. Re5 Ra2+ 48. Kf3 a4 49. Ra5 a3 50. g4 Bd7 51. Ra7 Bc6+ 52. Kg3 g5 53. fxg5+ Kxg5 54. h4+ Kg6 55. Ra6 Re2 56. Rxc6+ Kf7 57. Nf3 1-0

[Event "Piestany Slovakia op"]
[Site "Piestany"]
[Date "2021.07.15"]
[Round "6"]
[White "Furman, Maximilian Jan"]
[Black "Walterova, Ema"]
[Result "1-0"]
[WhiteElo "1764"]
[BlackElo "1823"]
[PlyCount "39"]
[EventDate "2021.07.10"]
[EventType "swiss"]
[EventRounds "9"]
[EventCountry "SVK"]
[SourceTitle "CBM 203 Extra"]
[Source "ChessBase"]
[SourceDate "2021.09.30"]
[SourceVersion "1"]
[SourceVersionDate "2021.09.30"]
[SourceQuality "1"]

1. e4 e5 2. Nf3 Nc6 3. Bc4 Bc5 4. 0-0 Nf6 5. d4 Bxd4 6. Nxd4 Nxd4 7. Bg5 h6 8. Bh4 g5 9. f4 gxf4 10. Rxf4 exf4 11. Qxd4 0-0 12. Bxf6 c5 13. Qc3 Qb6 14. Qe5 d5 15. Bxd5 c4+ 16. Kf1 Qe3 17. Nc3 Bh3 18. gxh3 Qxh3+ 19. Kg1 Qg4+ 20. Kf2 1-0

[Event "Piestany Slovakia op"]
[Site "Piestany"]
[Date "2021.07.14"]
[Round "5"]
[White "Mandak, Miroslav"]
[Black "Furman, Maximilian Jan"]
[Result "1-0"]
[WhiteElo "1922"]
[BlackElo "1764"]
[PlyCount "85"]
[EventDate "2021.07.10"]
[EventType "swiss"]
[EventRounds "9"]
[EventCountry "SVK"]
[SourceTitle "CBM 203 Extra"]
[Source "ChessBase"]
[SourceDate "2021.09.30"]
[SourceVersion "1"]
[SourceVersionDate "2021.09.30"]
[SourceQuality "1"]

1. d4 Nf6 2. Nf3 g6 3. Bg5 Bg7 4. Nbd2 d5 5. e3 0-0 6. Bd3 c6 7. h3 Nbd7 8. 0-0 Re8 9. c4 e5 10. cxd5 cxd5 11. Bb5 Qb6 12. Bxf6 Bxf6 13. Bxd7 Bxd7 14. dxe5 Bxe5 15. Nxe5 Rxe5 16. Nf3 Rf5 17. Qd4 Qf6 18. Qxf6 Rxf6 19. Nd4 Rc8 20. Rfc1 Rxc1+ 21. Rxc1 Bc6 22. f4 Rd6 23. Kf2 Kf8 24. g4 f6 25. h4 h6 26. Kg3 g5 27. Rc3 gxf4+ 28. Kxf4 Kf7 29. h5 Kg8 30. Nf5 Re6 31. Nxh6+ Kh7 32. Nf5 Re4+ 33. Kg3 Kg8 34. Rd3 Bd7 35. Rxd5 Bxf5 36. gxf5 Rxe3+ 37. Kf4 Re7 38. Rd6 Rf7 39. Ke4 Re7+ 40. Re6 Rf7 41. Kd5 Rd7+ 42. Rd6 Rh7 43. Rd8+ 1-0

[Event "SVK-ch U16"]
[Site "Stara Lubovna"]
[Date "2021.07.03"]
[Round "9"]
[White "Furman, Maximilian Jan"]
[Black "Marcin, Richard"]
[Result "1-0"]
[WhiteElo "1693"]
[BlackElo "1212"]
[PlyCount "29"]
[EventDate "2021.06.26"]
[EventType "swiss"]
[EventRounds "9"]
[EventCountry "SVK"]
[SourceTitle "CBM 203 Extra"]
[Source "ChessBase"]
[SourceDate "2021.09.30"]
[SourceVersion "1"]
[SourceVersionDate "2021.09.30"]
[SourceQuality "1"]

1. e4 e5 2. Nf3 Nc6 3. Bc4 Nf6 4. d4 exd4 5. 0-0 Bb4 6. e5 Ng4 7. Bf4 0-0 8. h3 d5 9. exd6 Nxf2 10. Rxf2 Bxd6 11. Bxd6 Qxd6 12. Nbd2 Qg3 13. Ne4 Qg6 14. Bd3 Bf5 15. Nh4 1-0

[Event "SVK-ch U16"]
[Site "Stara Lubovna"]
[Date "2021.06.29"]
[Round "5"]
[White "Duda, Daniel2222"]
[Black "Furman, Maximilian Jan"]
[Result "0-1"]
[WhiteElo "1414"]
[BlackElo "1693"]
[PlyCount "111"]
[EventDate "2021.06.26"]
[EventType "swiss"]
[EventRounds "9"]
[EventCountry "SVK"]
[SourceTitle "CBM 203 Extra"]
[Source "ChessBase"]
[SourceDate "2021.09.30"]
[SourceVersion "1"]
[SourceVersionDate "2021.09.30"]
[SourceQuality "1"]

1. d4 Nf6 2. Nf3 g6 3. Bf4 Bg7 4. e3 d6 5. c4 0-0 6. Nc3 b6 7. Be2 Bb7 8. c5 Nbd7 9. cxd6 cxd6 10. Qb3 Ne4 11. Rc1 Rc8 12. 0-0 e5 13. Nxe4 Rxc1 14. Rxc1 Bxe4 15. Bg5 Qb8 16. Nd2 Qb7 17. Nxe4 Qxe4 18. Be7 Re8 19. Bxd6 exd4 20. Bd3 Qe6 21. Qxe6 Rxe6 22. Rc8+ Bf8 23. Bxf8 Nxf8 24. Bc4 Re7 25. exd4 Re1+ 26. Bf1 Rb1 27. Ra8 Rxb2 28. Rxa7 Rd2 29. Ra6 Nd7 30. Ra8+ Kg7 31. Rd8 Rxd4 32. g3 Kf6 33. Bh3 Ke7 34. Rh8 Nf8 35. Bf1 f6 36. Bb5 Kf7 37. a4 Kg7 38. Rxf8 Kxf8 39. Kg2 Ke7 40. Kf3 Kd6 41. Ke3 Kc5 42. f4 Rb4 43. Bd7 Rb2 44. h4 Rb3+ 45. Kf2 Kb4 46. g4 Rh3 47. h5 g5 48. fxg5 fxg5 49. Kg2 Ra3 50. h6 Rxa4 51. Bxa4 Kxa4 52. Kf3 b5 53. Ke4 b4 54. Kf5 b3 55. Kxg5 b2 56. Kh4 0-1

[Event "Liptovsky Jan Slovak op U2200"]
[Site "Liptovsky Jan"]
[Date "2021.06.20"]
[Round "6"]
[White "Priechodsky, Radovan"]
[Black "Furman, Maximilian Jan"]
[Result "1-0"]
[WhiteElo "2068"]
[BlackElo "1693"]
[PlyCount "45"]
[EventDate "2021.06.17"]
[EventType "swiss"]
[EventRounds "7"]
[EventCountry "SVK"]
[SourceTitle "CBM 203 Extra"]
[Source "ChessBase"]
[SourceDate "2021.09.30"]
[SourceVersion "1"]
[SourceVersionDate "2021.09.30"]
[SourceQuality "1"]

1. d4 Nf6 2. Bf4 d5 3. e3 e6 4. Nf3 Be7 5. c3 c5 6. Bd3 Nc6 7. Nbd2 Bd7 8. Ne5 0-0 9. h4 Ne8 10. Qf3 Nxe5 11. dxe5 Bc6 12. Qh5 g6 13. Qh6 f5 14. Nf3 Qd7 15. h5 gxh5 16. Rxh5 Rf7 17. Bxf5 Bf8 18. Qxe6 Ng7 19. Bxh7+ Kh8 20. Qg6 Bd6 21. e6 Qe7 22. Bxd6 Qf6 23. exf7 1-0

[Event "Drienica Saris op"]
[Site "Drienica"]
[Date "2020.08.11"]
[Round "5"]
[White "Panko, Eduard1111"]
[Black "Furman, Maximilian Jan"]
[Result "1-0"]
[WhiteElo "1958"]
[BlackElo "1610"]
[PlyCount "57"]
[EventDate "2020.08.07"]
[EventType "swiss"]
[EventRounds "9"]
[EventCountry "SVK"]
[SourceTitle "CBM 197 Extra"]
[Source "ChessBase"]
[SourceDate "2020.09.30"]
[SourceVersion "1"]
[SourceVersionDate "2020.09.30"]
[SourceQuality "1"]

1. d3 c5 2. Nf3 g6 3. e4 Bg7 4. c3 Nc6 5. Be2 d6 6. Nbd2 Nf6 7. h3 Bd7 8. Nc4 0-0 9. Ne3 h6 10. g4 b5 11. Qc2 Qc8 12. Bd2 Rb8 13. g5 hxg5 14. Nxg5 e5 15. h4 Ne7 16. h5 gxh5 17. Bxh5 Nxh5 18. Rxh5 Bg4 19. Rh4 Be6 20. 0-0-0 b4 21. c4 b3 22. axb3 Qb7 23. Rg1 Bd7 24. Nh7 Ng6 25. Rh2 Rfe8 26. Nd5 Re6 27. Bg5 a5 28. Nhf6+ Kf8 29. Bh6 1-0

[Event "SVK-ch U14"]
[Site "Liptovsky Mikulas"]
[Date "2019.04.25"]
[Round "4"]
[White "Furman, Maximilian Jan"]
[Black "Salgovic, Simon"]
[Result "1/2-1/2"]
[WhiteElo "1602"]
[BlackElo "1854"]
[PlyCount "90"]
[EventDate "2019.04.23"]
[EventType "swiss"]
[EventRounds "9"]
[EventCountry "SVK"]
[SourceTitle "CBM 190 Extra"]
[Source "ChessBase"]
[SourceDate "2019.07.15"]
[SourceVersion "1"]
[SourceVersionDate "2019.07.15"]
[SourceQuality "1"]

1. d4 Nf6 2. Nc3 g6 3. Bf4 Bg7 4. e3 0-0 5. Nf3 d6 6. Bd3 c5 7. dxc5 dxc5 8. 0-0 Nc6 9. a3 a6 10. Ne5 Nxe5 11. Bxe5 Nd5 12. Bxg7 Kxg7 13. Qd2 Nf6 14. Rfd1 Qc7 15. h3 Rd8 16. Qe2 Be6 17. Bc4 Bxc4 18. Qxc4 b5 19. Qe2 Qc6 20. Rd2 Rxd2 21. Qxd2 Rc8 22. Ne2 Qb6 23. b3 Rd8 24. Qc3 Kg8 25. Qe5 Qd6 26. Qxd6 Rxd6 27. Kf1 Kf8 28. f3 Nd5 29. Kf2 Nb6 30. Ke1 Ke8 31. Rd1 Kd7 32. Nc3 Rxd1+ 33. Kxd1 Kc6 34. Kd2 Nd5 35. Nxd5 Kxd5 36. e4+ Kd6 37. c4 bxc4 38. bxc4 Ke5 39. Ke3 f5 40. exf5 gxf5 41. f4+ Kf6 42. g3 h5 43. Ke2 e6 44. Kf2 a5 45. a4 Kg6 1/2-1/2

[Event "SVK-ch U14"]
[Site "Liptovsky Mikulas"]
[Date "2018.04.22"]
[Round "2"]
[White "Kotora, Marko"]
[Black "Furman, Maximilian Jan"]
[Result "1/2-1/2"]
[WhiteElo "1173"]
[BlackElo "1497"]
[PlyCount "115"]
[EventDate "2018.04.21"]
[EventType "swiss"]
[EventRounds "9"]
[EventCountry "SVK"]
[SourceTitle "CBM 184 Extra"]
[Source "ChessBase"]
[SourceDate "2018.06.28"]
[SourceVersion "1"]
[SourceVersionDate "2018.06.28"]
[SourceQuality "1"]

1. e4 e6 2. Nf3 d5 3. exd5 exd5 4. d4 Bd6 5. Be3 Ne7 6. Bd3 Bf5 7. 0-0 Bxd3 8. Qxd3 c6 9. Nc3 Nd7 10. Ng5 Nf8 11. Rfe1 Nfg6 12. a3 Qc7 13. Nf3 0-0 14. Na4 Nf4 15. Bxf4 Bxf4 16. Nc5 Bd6 17. c4 Rad8 18. Ng5 Ng6 19. Nge6 Nf4 20. Nxf4 Bxf4 21. g3 Bd6 22. Na4 Qa5 23. Nc3 Qa6 24. b3 dxc4 25. Qxc4 Qxc4 26. bxc4 Rfe8 27. c5 Bc7 28. Kf1 Rxe1+ 29. Rxe1 Ba5 30. Rc1 Rxd4 31. Ne2 Ra4 32. Rb1 b6 33. cxb6 axb6 34. Rb3 g6 35. Nc3 Rc4 36. Ne2 Kf8 37. Nf4 Rc3 38. Rxc3 Bxc3 39. Ke2 Ke7 40. Kd3 Be1 41. f3 Kd6 42. Kd4 Bf2+ 43. Kc4 Bc5 44. a4 Be3 45. Nd3 Bg1 46. h3 Bh2 47. g4 Ke6 48. Nb4 b5+ 49. axb5 cxb5+ 50. Kxb5 Ke5 51. Nc6+ Kf4 52. Nd8 f6 53. Ne6+ Kxf3 54. Nf8 Kg2 55. Nxh7 Be5 56. g5 f5 57. Nf8 f4 58. Nxg6 1/2-1/2

[Event "SVK-ch U12"]
[Site "Liptovsky Mikulas"]
[Date "2017.04.28"]
[Round "9"]
[White "Furman, Maximilian Jan"]
[Black "Bidulsky, Matej"]
[Result "0-1"]
[WhiteElo "1277"]
[BlackElo "1439"]
[PlyCount "74"]
[EventDate "2017.04.22"]
[EventType "swiss"]
[EventRounds "9"]
[EventCountry "SVK"]
[SourceTitle "CBM 178 Extra"]
[Source "ChessBase"]
[SourceDate "2017.06.22"]
[SourceVersion "1"]
[SourceVersionDate "2017.06.22"]
[SourceQuality "1"]

1. d4 d5 2. Nf3 Bf5 3. e3 a6 4. Bd3 Bg4 5. Nbd2 Nf6 6. c3 Nc6 7. 0-0 e6 8. h3 Bh5 9. Qe2 Bd6 10. Re1 Ne7 11. e4 dxe4 12. Nxe4 Bxf3 13. Nxd6+ Qxd6 14. gxf3 Ng6 15. Bxg6 hxg6 16. Kg2 0-0-0 17. Bg5 Qd5 18. Bxf6 gxf6 19. Qe4 Qg5+ 20. Qg4 Rd5 21. f4 Qf5 22. Qxf5 Rxf5 23. Kg3 g5 24. fxg5 Rxg5+ 25. Kh2 Rf5 26. Re2 Rf3 27. Kg2 Rfxh3 28. Re3 Rh2+ 29. Kg3 R8h3+ 30. Kf4 Rxf2+ 31. Ke4 f5+ 32. Kd3 Rxe3+ 33. Kxe3 Rxb2 34. Kf4 Kd7 35. Ke5 Ke7 36. c4 Rf2 37. a3 f6# 0-1

[Event "SVK-ch U12"]
[Site "Liptovsky Mikulas"]
[Date "2017.04.27"]
[Round "8"]
[White "Kotora, Marko"]
[Black "Furman, Maximilian Jan"]
[Result "0-1"]
[WhiteElo "1266"]
[BlackElo "1277"]
[PlyCount "56"]
[EventDate "2017.04.22"]
[EventType "swiss"]
[EventRounds "9"]
[EventCountry "SVK"]
[SourceTitle "CBM 178 Extra"]
[Source "ChessBase"]
[SourceDate "2017.06.22"]
[SourceVersion "1"]
[SourceVersionDate "2017.06.22"]
[SourceQuality "1"]

1. e4 e6 2. Nc3 d5 3. exd5 exd5 4. d4 Be7 5. Bd3 c6 6. Nge2 Nf6 7. h3 0-0 8. Be3 Be6 9. 0-0 Bd6 10. Bf4 Bxf4 11. Nxf4 Re8 12. Nxe6 Rxe6 13. Re1 Rxe1+ 14. Qxe1 g6 15. Qd2 Nbd7 16. b3 Qe7 17. a3 Re8 18. Qe2 Qxe2 19. Bxe2 Ne4 20. Nxe4 Rxe4 21. Bg4 Nf6 22. Bc8 Rxd4 23. Bxb7 c5 24. Ba6 Rd2 25. Rc1 Ne4 26. f3 Nc3 27. Bd3 Rxd3 28. cxd3 Ne2+ 0-1